|
|
|
|
| LEADER |
00000nab a2200000uu 4500 |
| 001 |
vtls010891486 |
| 003 |
SK-MaSNL |
| 005 |
20260304013257.0 |
| 008 |
230218|2011 xo |||||||||||||||||eng| |
| 015 |
|
|
|a SNBRB
|
| 035 |
|
|
|a (urnnbn)urn:nbn:sk:snk:ar-0065b6
|
| 035 |
|
|
|a (uuid)2a8868b1-666f-493d-8002-9b1df559b48f
|
| 035 |
|
|
|a urn:nbn:sk:snk-ab8l9g
|
| 040 |
|
|
|a SNKBUCL
|b slo
|c SNKBUCL
|e AACR2
|
| 041 |
0 |
|
|a eng
|
| 044 |
|
|
|a xo
|c SK
|
| 100 |
1 |
|
|a Galbava, A.
|4 aut
|9 1294055
|
| 245 |
1 |
0 |
|a Detection of circulating tumor cells in metastatic breast cancer patients
|c A Galbava, B Krakovska Vertakova, J Brtko, L Sanislo, P Kuliffay, S Galbavy
|
| 700 |
1 |
|
|a Brtko, J.
|4 aut
|9 775955
|
| 700 |
1 |
|
|a Sanisló, Ľuboslav
|4 aut
|9 1139335
|
| 700 |
1 |
|
|a Kuliffay, P.
|4 aut
|9 1139384
|
| 700 |
1 |
|
|a Galbavý, Štefan,
|d 1946-
|4 aut
|9 193632
|
| 700 |
1 |
|
|a Vertákova Krakovská, Bibiana
|4 aut
|9 193837
|
| 773 |
0 |
|
|t Endocrine regulations
|g Roč. 45, č. 3 (2011), s. 113-124
|
| 958 |
|
|
|a OND
|
| 958 |
|
|
|a EUIPO
|
| 958 |
|
|
|a article10
|
| 999 |
|
|
|c 2575156
|d 2577086
|